1150 1346 1036 1817 1677 1698 1315 1574 1028 1464 1720 1500 1463 1010 1121 1384 1974 1601 1402 1505 1858 1249 1225 1166 1128 1375 1833 1508 1511 1936 1293 1904 1049 1276 1924 1530 1984 1955 1603 1463 1750 1581 1714 1878 1607 1857 1132 1166 1265 1633 1223 1970 1943 1416 1045 1277 1717 1378 1948 1655 1068 1454 1272 1383 1063 1727 1178 1495 1621 1667 1790 1461 1804 1938 1094 1305 1104 1364 1380 1915 1763 1731 1338 1062 1136 1625 1675 1433 1926 1229 1964 1184 1293 1445 1296 1116 1001 1000 1072 BCNSPRNW ULIB Ver.6.0+V

เปลี่ยนเป็นภาษาไทย

Change to English
 แสดงรายละเอียดบรรณานุกรม
  กลับหน้าหลัก

Brief Record : Get Marc (ISO 2709) : E-mail record : QR code < ปิดหน้าต่าง
LEADER : 00000nam 2200000uu 4500
001    13399121670
003     ULIB
008    121129s2550||||th 000 0 tha d
020    ^a9749749427156
060  0 ^aWS105^bค695ก
110 1  ^aคณาจารย์โรงเรียนบ้านเด็กไทย
245 00 ^aคู่มือภาคปฏิบัติการ การดูแลเด็กเล็ก ^cคณาจารย์โรงเรียนบ้านเด็กไทย
260    ^aกรุงเทพฯ :^bโรงเรียนบ้านเด็กไทย,^c2550
300    ^a78 หน้า: ^bภาพประกอบ.
650  7 ^aเด็ก^xการเลี้ยง
650  7 ^aพัฒนาการเด็ก
650  7 ^aเด็ก^xการป้องกันอุบัติเหตุ
650  7 ^aนมและอาหารเสริม
945    ^p0^l0^i14392
945    ^p0^l0^i17952
945    ^p0^l0^i17953
945    ^p0^l0^i17954
945    ^p0^l0^i17955
945    ^p0^l0^i17956
995    ^aวิภา
999    ^aใช้งานได้ทุกระบบ
รายการนี้ยังไม่มีแท็ก
คุณยังไม่ได้ล็อกอิน คุณสามารถมีกิจกรรมร่วมกับเว็บไซต์ได้ แต่ต้องล็อกอินก่อน ::
  ล็อกอิน

รายการสื่อสารสนเทศ

ลำดับที่ ประเภท เลขเรียก/บาร์โค้ด สถานที่ สถานะ
1. วิทยาศาสตร์การแพทย์ และสุขภาพ
วิทยาศาสตร์การแพทย์ และสุขภาพ
WS105 ค695ก  
  Barcode: 14392
ห้องสมุดวิทยาเขตสวรรค์ประชารักษ์
►ส่วนจัดเก็บหนังสือเก่า สปร
บนชั้น
  ขอยืม

รายการใกล้เคียง
    หัวเรื่อง [พัฒนาการเด็ก]
    หัวเรื่อง [นมและอาหารเสริม]

BibComment


ยังไม่เคยถูกคอมเมนท์

คอมเมนท์ทรัพยากรรายการนี้
  คอมเมนท์: คู่มือภาคปฏิบัติ..


 Copyright 2026. Bcnsprnw @Library